Making Emperor Wu of the Han Dynasty/ New Theory of Cultural China and the World(Chinese Edition) / (Record no. 591833)
[ view plain ]
| 000 -LEADER | |
|---|---|
| fixed length control field | 00543nam a22001337a 4500 |
| 020 ## - INTERNATIONAL STANDARD BOOK NUMBER | |
| International Standard Book Number | 9787108054180 |
| 082 ## - DEWEY DECIMAL CLASSIFICATION NUMBER | |
| Classification number | 951 |
| Author Mark | XIN |
| 100 ## - MAIN ENTRY--PERSONAL NAME | |
| Personal name | Xin, Deyong |
| 245 ## - TITLE STATEMENT | |
| Title | Making Emperor Wu of the Han Dynasty/ New Theory of Cultural China and the World(Chinese Edition) / |
| Statement of responsibility, etc. | Deyong Xin |
| 260 ## - PUBLICATION, DISTRIBUTION, ETC. | |
| Place of publication, distribution, etc. | China : |
| Name of publisher, distributor, etc. | Life·Reading·New Knowledge Sanlian Publishing House, |
| Date of publication, distribution, etc. | 2015. |
| 300 ## - PHYSICAL DESCRIPTION | |
| Extent | 176 p. ; |
| Dimensions | 20 cm. |
| 880 ## - ALTERNATE GRAPHIC REPRESENTATION | |
| Linkage | 245-02Life·Reading·New Knowledge Sanlian Publishing House |
| Title | 制造汉武帝/文化中国与世界新论 / |
| 942 ## - ADDED ENTRY ELEMENTS (KOHA) | |
| Source of classification or shelving scheme | |
| Koha item type | Book |
| Withdrawn status | Lost status | Source of classification or shelving scheme | Damaged status | Not for loan | Permanent Location | Current Location | Shelving location | Date acquired | Source of acquisition | Total Checkouts | Full call number | Barcode | Date last seen | Price effective from | Koha item type |
|---|---|---|---|---|---|---|---|---|---|---|---|---|---|---|---|
| Central Library (CL) | Central Library (CL) | Chinese Studies | 10/14/2022 | Donated by China Embassy | 951 XIN | CL-D-1943 | 10/14/2022 | 10/14/2022 | Book |
